000 00494nam a2200181Ia 4500
008 230917s9999||||xx |||||||||||||| ||und||
020 _cRS1995
040 _e255641
_aMAIN
041 _aEnglish
082 _a574.0285 P463B(3)
100 _aPevsner, Jonathan
245 0 _aBioinformatics and functional genomics
250 _a3rd ed.
260 _aNew Delhi
_bWiley India
_c2019
300 _axxxiii, 1124 p.
500 _a3471 08/05/2019 RBP19/75798 24/05/2019 Main Budget
942 _cBK
999 _c31245
_d31245